White 2115 - Wszystkie piosenki - Statystyki

Ogólne statystyki
  • Ten quiz został rozwiązany 182 razy
  • Średni wynik to 27 z 116
Statystyki odpowiedzi
Rockstar % Poprawnych
California
85%
Rockstar
83%
Rok
83%
La vida loca
74%
Noc
59%
Mogę dziś umierać
56%
Do zachodu słońca
52%
Morgan
50%
Jaki ojciec taki syn
48%
Nowi kumple
46%
Młody Książe
44%
RiRi
43%
Cry baby
41%
Trzy butelki
39%
Sos mula
37%
18
35%
Balmain
35%
Pałac
35%
Papieros
35%
Byliśmy tu
33%
Kaptur
33%
Sen
33%
Wschód
33%
1 na 100
31%
Afterparty
31%
AMG
31%
Diamentowy Las
31%
Easy Rider
31%
Jim morrison
31%
Kurt Cobain
31%
Pretty Boy
31%
Saint Tropez
31%
Anioł stróż
30%
D.Evil
30%
Intro
30%
Jesteśmy tu
30%
Legenda
28%
+48
26%
Booker
26%
Lady gaga
26%
Presja
26%
Święto ogródka
26%
Zachód
26%
Za tych co nie mogą
26%
Flesz
24%
GTR
24%
Broly
22%
Kap kap
22%
M550i
22%
Spadająca gwiazda
22%
DMC
20%
Hel
20%
Intruz
20%
Johnny Knoxville
20%
Nawiedzony dom
20%
Na zawsze
20%
Offwhite
20%
Oh oh (lalala)
20%
Porsche
20%
Triple S
20%
John Travolta
19%
Mutanci
19%
Postanowienia noworoczne
19%
Traplife
19%
2020
17%
Ćmy
17%
Krzyki na blokach
17%
Nie chcę
17%
Opuszczony dach
17%
Skrywam
17%
2KC
15%
David
15%
Infinity Pool
15%
Najmłodszy Łajcior
15%
Parę K
15%
Różowy śnieg
15%
Rozpięta koszula
15%
Sąsiedzi
15%
Wampir
15%
392
13%
Jesień w diamentowym lesie
13%
Jesteś inna
13%
Milanówek callin
13%
RODEO!
13%
Stara fura
13%
Sto tysięcy razy
13%
Choć nie widać na zewnątrz
11%
ET
11%
Lombard dusz
11%
Pull Up
11%
Śliczny chłopiec
11%
Buch na dwóch
9%
Bulletproof
9%
Co ja poradzę
9%
Czas na mnie
9%
Dzisiaj
9%
Korzenie w Bagnie
9%
Pierwszy raz
9%
Pół życia
9%
Traproom
9%
W dół
9%
Chromowane serce
7%
Gdzie jest Nemo
7%
Najmłodszy książe
7%
Nic na pokaz
7%
Nie lubię ku
7%
Afera
6%
Ciągnie cię do mnie
6%
Czysty diament
6%
Family Guy
6%
My Dawg
6%
Pierwszy słońca blask
4%
Spacer po lecie
4%
Ze łzami ci do twarzy
4%
Marlboro
0%
Nie znaleziono quizów pasujących do podanych kryteriów
Rozkład punktacji
Procent ludzi z każdym wynikiem
Percentyl według liczby udzielonych odpowiedzi
Twoja historia wyników
Nie rozwiązałeś tego quizu